Suomen joukkue yleisurheilun MM-kisoihin 2025 - Statistics

Yleistilastot
  • Tätä visaa on pelattu 56 kertaa
    33 viimeisimmän päivityksen jälkeen
  • Keskiarvotulos 20 / 27
Vastaustilastot
Laji Nimi % Oikein
7-ottelu Saga Vanninen
100%
moukari Krista Tervo
93%
100 m aj Lotta Harala
90%
moukari Silja Kosonen
90%
Maraton Alisa Vainio
86%
keihäs Lassi Etelätalo
86%
keihäs Oliver Helander
86%
seiväs Wilma Murto
86%
20 km kävely Aku Partanen
83%
kolmiloikka Senni Salminen
83%
seiväs Urho Kujanpää
83%
seiväs Elina Lampela
79%
korkeus Ella Junnila
79%
3000 m ej Ilona Mononen
76%
seiväs Saga Andersson
76%
kuula Emilia Kangas
72%
100 m aj Saara Keskitalo
72%
keihäs Eemil Porvari
69%
800 m Eveliina Määttänen
69%
400 m Mette Baas
66%
moukari Suvi Niiranen
66%
kuula Evellina Rouvali
62%
kuula Senja Mäkitörmä
59%
400 m aj Hilla Uusimäki
55%
20 km kävely Jerry Jokinen
55%
moukari Henri Liipola
52%
400 m aj Kristiina Halonen
52%
Ehtoja vastaavia visoja ei löytynyt
Tulosjakauma
Jokaisen tuloksen saaneiden osuus
Persentiili vastausten määrän mukaan
Tuloshistoriasi
Et ole pelannut tätä visaa sen viimeisimmän päivityksen jälkeen